[Event "Arber op 7th"]
[Site "Bodenmais"]
[Date "2018.08.05"]
[Round "9"]
[White "Lindstaedt, Erik"]
[Black "Bartels, Vladimir"]
[Result "0-1"]
[WhiteElo "919"]
[BlackElo "1739"]
[PlyCount "58"]
[EventDate "2018.07.28"]
[EventType "swiss"]
[EventRounds "9"]
[EventCountry "GER"]
[SourceTitle "EXT 2019"]
[Source "ChessBase"]
[SourceDate "2018.10.10"]
[SourceVersion "1"]
[SourceVersionDate "2018.10.10"]
[SourceQuality "1"]

1. e4 e5 2. f4 exf4 3. Nf3 g5 4. Nc3 g4 5. Ne5 Qh4+ 6. g3 fxg3 7. Qxg4 Qxg4 8. Nxg4 gxh2 9. Rxh2 h5 10. Bc4 c6 11. Ne5 Bd6 12. Nxf7 Bxh2 13. Nxh8 Ne7 14. Nf7 d5 15. Nd6+ Bxd6 16. exd5 Bg3+ 17. Ke2 Bg4+ 18. Kf1 Bh3+ 19. Ke2 Bg2 20. d4 cxd5 21. Bd2 h4 22. Be1 Bxe1 23. Kxe1 dxc4 24. Kf2 h3 25. Ne2 Ng6 26. Ng3 Nd7 27. Rg1 Nf4 28. Nf1 0-0-0 29. Ne3 h2 0-1

[Event "NED-ch U14"]
[Site "Assen"]
[Date "2018.05.02"]
[Round "5"]
[White "Van der Hagen, Loek"]
[Black "Bartels, Vladimir"]
[Result "1-0"]
[WhiteElo "1815"]
[BlackElo "1757"]
[PlyCount "75"]
[EventDate "2018.04.29"]
[EventType "swiss"]
[EventRounds "9"]
[EventCountry "NED"]
[SourceTitle "CBM 184 Extra"]
[Source "ChessBase"]
[SourceDate "2018.06.28"]
[SourceVersion "1"]
[SourceVersionDate "2018.06.28"]
[SourceQuality "1"]

1. e4 e5 2. Nf3 Nc6 3. Bb5 a6 4. Ba4 Nf6 5. 0-0 Be7 6. Re1 b5 7. Bb3 d6 8. c3 0-0 9. h3 Nb8 10. d4 Nbd7 11. Nbd2 Bb7 12. Bc2 Re8 13. Nf1 Bf8 14. Ng3 g6 15. Nh2 c5 16. Kh1 Bg7 17. d5 c4 18. Be3 Qc7 19. f4 Rad8 20. f5 Nc5 21. Qc1 Qe7 22. a4 Ra8 23. Bxc5 dxc5 24. Qe3 b4 25. b3 cxb3 26. Bxb3 a5 27. Rac1 Rac8 28. cxb4 cxb4 29. Qb6 Bh6 30. Rc4 Rxc4 31. Bxc4 Rc8 32. Bb5 Qc7 33. Qxf6 Qc3 34. Nf3 Be3 35. Ne2 Qc7 36. Qxe5 Qxe5 37. Nxe5 b3 38. Rb1 1-0

[Event "NED-ch U14"]
[Site "Assen"]
[Date "2018.04.29"]
[Round "1"]
[White "Albers, Sasa"]
[Black "Bartels, Vladimir"]
[Result "1-0"]
[WhiteElo "1336"]
[BlackElo "1757"]
[PlyCount "113"]
[EventDate "2018.04.29"]
[EventType "swiss"]
[EventRounds "9"]
[EventCountry "NED"]
[SourceTitle "CBM 184 Extra"]
[Source "ChessBase"]
[SourceDate "2018.06.28"]
[SourceVersion "1"]
[SourceVersionDate "2018.06.28"]
[SourceQuality "1"]

1. e4 e5 2. Bc4 Nf6 3. d3 Bc5 4. Nc3 Nc6 5. Nge2 Na5 6. Bb3 Nxb3 7. axb3 c6 8. Na4 Be7 9. Be3 Ng4 10. 0-0 d5 11. Bc5 Bxc5 12. Nxc5 Qe7 13. Na4 d4 14. Nb6 Rb8 15. Nxc8 Rxc8 16. h3 Nf6 17. Rxa7 h5 18. Ng3 g6 19. Qa1 h4 20. Ra8 Qd7 21. Rxc8+ Qxc8 22. Qa5 c5 23. Qb5+ Qd7 24. Qxd7+ Kxd7 25. Ne2 Ra8 26. Rb1 g5 27. Kf1 Nh5 28. Ng1 f6 29. Nf3 Ng7 30. Nh2 Ne6 31. g3 Ng7 32. Kg2 hxg3 33. fxg3 Ne6 34. Ng4 Ke7 35. Rf1 Ra2 36. Nxf6 Rxb2 37. Nd5+ Kd6 38. Rf2 Nc7 39. Nxc7 Kxc7 40. g4 Kd6 41. h4 gxh4 42. g5 Ke7 43. g6 Ra2 44. Kh3 Ra6 45. Rg2 Ra8 46. g7 Kf7 47. Kxh4 Rg8 48. Kh5 Rxg7 49. Rxg7+ Kxg7 50. Kg5 Kf7 51. Kf5 b6 52. Kxe5 Ke7 53. b4 cxb4 54. Kxd4 b5 55. Kc5 b3 56. cxb3 Ke6 57. Kxb5 1-0